=LDR 00000nam 2200000 4500 =001 INLIS000000000030921 =005 20141220113336.0 =006 =007 =008 ind =035 ##$$0010-061300000030921 =041 ##$$a ind =082 ##$$a 028.5 =090 ##$$a 028.5, Ami p =100 ##$$a Amidjaja,Arleen =245 ##$$a Penyihir di tepi pantai, Arleen Amidjaja ; editor Imran laha =260 ##$$a 2008 $b Jakarta =300 ##$$a 24 hlm, ilus, 19 cm =650 ##$$a Bacaan Kanak-kanak =850 ##$$a NBPNMAT =990 ##$$a 65486548 =990 ##$$a 20901495 =990 ##$$a 0001/BPAP-NTB/20142014 =990 ##$$a 20901495 =990 ##$$a 0001/BPAP-NTB/20142014